| 000 | 00948cam a22001814a 4500 | ||
|---|---|---|---|
| 005 | 20250605164354.0 | ||
| 008 | 250528s ||||||||||||||||||||||||d | ||
| 035 | _a24254 | ||
| 040 |
_aGR-AtMCL _bgre _dGR-AtMCL _eAACR2 |
||
| 245 | 1 | _aMalaria / World Health - The Magazine of the World Health Organization | |
| 260 |
_bWorld Health, _c1991 |
||
| 300 | _a31 | ||
| 520 | _aBreaking the Fatal Cycle of Transmission, Malaria Control: History Shows It's Possible, The World Malaria Situation, Strategies for Africa, Watch the Symptoms, Different Strategies for Different Situations, Towards Better Diagnosis, Partners Against Malaria, Local Wisdom in Mexico, Forms of Treatment, The Mosquito: Public Enemy, Ideas for Action, Travellers - Beware!, Risks during Pregnancy, Economic Development and Malaria, A Game of Chess. | ||
| 700 | 1 |
_aLiisberg Eilif _99434 |
|
| 942 | _cCR | ||
| 999 |
_c9144 _d9144 |
||